Films Disney par images - Clic Quiz #1 - Statistiques

Statistiques générales
  • Ce quiz a été pris 405 815 fois
  • Le résultat moyen est 19 sur 20
Statistiques - réponses
Hint Réponse % Correct
Aladdin
97%
Bambi
97%
Les 101 Dalmatiens
97%
Moana/Vaiana
97%
La Petite Sirène
97%
Pinocchio
97%
Raiponce
97%
La Reine des neiges
97%
Cendrillon
96%
Dumbo
96%
Le Roi Lion
95%
La Belle et la Bête
94%
Hercule
94%
Le Livre de la jungle
93%
Mulan
93%
Peter Pan
93%
Encanto
92%
La Belle et le Clochard
88%
Pocahontas
88%
Tarzan
70%
Aucun quiz correspondant
Distribution des résultats
% des personnes avec chaque résultat
Percentile par nombre de réponses
Votre historique - résultats
Vous n’avez pas pris ce quiz